| 000 | 00343nam a22001217a 4500 | ||
|---|---|---|---|
| 008 | 161007b xxu||||| |||| 00| 0 eng d | ||
| 050 | _aPZ3.M349 B4 | ||
| 100 |
_aMarryat, Frederick _926548 |
||
| 245 |
_aBelpensterschiff _cFrederick Marryat |
||
| 260 |
_aWolvesberg _bEduard Kaiser Verlag |
||
| 300 |
_a223p. ; _c19cm. |
||
| 942 |
_2lcc _cMONOGRAPH |
||
| 999 |
_c125446 _d125446 |
||